000 00323nam a22001337a 4500
020 _a0-688-08649-7
082 _a355.02 DUN'C
100 _aDUNNIGAN, JAMES F
_945869
245 _aTHE COMPLETE WARGAMES HANDBOOK
260 _aNEWYORK
_bWILLIAM MORRON
_c1980
300 _a278P
650 _aWAR GAMES
_945845
942 _cBK
999 _c581482
_d581482